Statistics for Emoji Country Puzzle

Click here to take the quiz!

General Stats

  • This quiz has been taken 119 times
  • The average score is 6 of 15

Answer Stats

EmojisCountry% Correct
πŸ¦ƒTurkey
95%
πŸ‡΄+πŸ‘¨Oman
85%
πŸ‘€+πŸƒIran
84%
πŸ‡Ί+πŸ—οΈUkraine
81%
🧊+🏞️Iceland
77%
😠+πŸ‡¦+β›½+πŸš—Madagascar
53%
πŸ‘”+🏞️Thailand
53%
∠+πŸ‡¦Angola
36%
🍳+🀱Panama
33%
⛰️+πŸ–€Montenegro
19%
🀱+🀘+πŸ‡΄Morocco
17%
🦸+🟒Cape Verde
5%
🏬+πŸ‡ͺMali
3%
πŸ§ͺ+πŸ‡¦+πŸ’€Kiribati
1%
πŸ₯›+πŸ‘€+🌲Philippines
1%

Score Distribution

Percentile by Number Answered

Percent of People with Each Score

Your Score History

You have not taken this quiz